| 000 | 00740nam a2200241 a 4500 | ||
|---|---|---|---|
| 005 | 20220801092550.0 | ||
| 008 | 991125s19471948mx 000 0 spa u | ||
| 020 | _a9683624189 | ||
| 035 | _aUPN01000008216 | ||
| 049 | _aCG | ||
| 050 | 4 |
_aPA4494 _bC5.28 |
|
| 100 | 1 |
_aXenophon, _d430?-354? a.C. |
|
| 245 | 1 | 3 |
_aLa ciropedia de Jonofonte / _ctr. introd. y notas Demetrio Frangos |
| 260 |
_aMéxico : _bUNAM, _c1947-1948 (1992 impr.) |
||
| 300 | _a2 v. | ||
| 440 | 0 | _aBibliotheca scriptorum graecorum et romanorum mexicana | |
| 500 | _aTexto en griego, introducción paralela al español | ||
| 650 | 0 |
_aLiteratura griega _98400 |
|
| 901 | _a45414v.1/43946v.2/183941v.1 | ||
| 902 | _aCAA/mva | ||
| 904 |
_aAC _b008216 |
||
| 905 | _aLibro | ||
| 999 |
_c8216 _d8216 |
||